00528 2200157 4500245003900000250001100039100002100050650005000071005001900121260005100140041001400191084000800205500011000213490003800323336000900361 aMatematikacAnastasia YuwonohText aCet. 1 aAnastasia Yuwono aPustaka Pengetahuan dan Teknologi, Matematika a20231116090423 bPT. ENSIKLOPEDIA NASIOAL INDONESIA (ENI)c2012 aIndonesia a503 aDaftar Isi : 1.Sejarah Matematika : Matematika,Sejarah Matematika. 2.Angka : Berhitung,Angka Hieroglyphic aPustaka Pengetahuan dan Teknologi atext